| 000 | 00556nam a2200181 4500 | ||
|---|---|---|---|
| 001 | 126604 | ||
| 003 | ES-MaACL | ||
| 005 | 20230906192840.0 | ||
| 007 | t| | ||
| 008 | 070214s1963 sp r ||||1| spa d | ||
| 100 | 1 |
_aRequena, Fermín. _996291 |
|
| 245 | 1 | 4 |
_aLos mozarabes malagueños / _cpor Fermín Requena. |
| 260 |
_aMadrid : _bMaestre, _c1963. |
||
| 300 |
_a32 p. ; _c24 cm. |
||
| 500 | _aPrecede al tít.: Instituto Hispano Arabe de Cultura. | ||
| 710 | 2 |
_aInstituto Hispano-Árabe de Cultura. _9162165 |
|
| 852 |
_aES-MaACL _j2039-F-12 _bR.55444 |
||
| 999 |
_c126604 _d126604 |
||